000 00476pab a2200157 454500
008 180718b2007 xxu||||| |||| 00| 0 eng d
100 _aHosie, Alison C.S.
245 _a`I hated everything about school': an examination of the relationship between dislike of school, teenage pregnancy and educational disengagement
260 _c2007
300 _ap.333-47.
362 _aJul
650 _aSchools
773 _aSocial Policy and Society
908 _aN
909 _a75629
999 _c75629
_d75629